Tintin - Personnages de L'Oreille cassée - Mort subite - Statistiques

Statistiques générales
  • Ce quiz a été pris 250 fois
  • Le résultat moyen est 3 sur 10
Answers on the Grid
Answers color-coded by a green-red scale on the quiz's grid according to % correct below.
Le capitaine Archibald Haddock
Dupond et Dupont
Le professeur Tryphon Tournesol
Bianca Castafiore
Roberto Rastapopoulos
Le général Alcazar
Nestor
Séraphin Lampion
Allan Thompson
Chiquito
Caraco
Ridgewell
Le général Tapioca
Jacob Balthazar
Simon Balthazar
Le senhor Oliveira da Figueira
Samuel Goldwood
Bobby Smiles
Le colonel Alvarez
Ramon Bada
Basil Zaharoff
Basil Bazaroff
Alonzo Perez
Zorrino
R.W. Chicket
Herbert Dawes
Huascar
Le señor inspector superior
 
Statistiques - réponses
Réponse % Correct
Dupond et Dupont
61%
Le général Alcazar
59%
Ridgewell
46%
Caraco
35%
Alonzo Perez
25%
Ramon Bada
24%
Simon Balthazar
17%
Samuel Goldwood
10%
Basil Bazaroff
9%
R.W. Chicket
9%
Aucun quiz correspondant
Distribution des résultats
% des personnes avec chaque résultat
Percentile par nombre de réponses
Votre historique - résultats
Vous n’avez pas pris ce quiz